000 00426nam a22001697a 4500
003 MPLRDC
005 20220104123356.0
008 210129b ||||| |||| 00| 0 eng d
082 _a435.11 JTBK
100 _a家庭百科丛书编译组编译
245 _a家庭园艺入门
_c
250 _a再版
260 _a
_b国家书店有限公司
_c1983
300 _b
650 _a家庭园艺
942 _cBK
_o435.11 JTBK
999 _c10919
_d10909